[Event "1st Kalamaria Open"]
[Site "Thessaloniki GRE"]
[Date "2004.09.09"]
[Round "7"]
[White "Kiratzopoulos,E"]
[Black "Mastrovasilis,A"]
[Result "1/2-1/2"]
[WhiteElo "2076"]
[BlackElo "2488"]

1.Nf3 Nf6 2.c4 b6 3.g3 Bb7 4.Bg2 c5 5.O-O e6 6.b3 Be7 7.Bb2 O-O 8.Nc3 d5
9.cxd5 Nxd5 10.Nxd5 Bxd5 11.Qc2 Nc6 12.Rad1 Rc8 13.e4 Nb4 14.Qb1 Bb7 15.d4 cxd4
16.Rxd4 Qe8 17.Rd2 Rd8 18.a3 Rxd2 19.Nxd2 Nc6 20.Qa1 f6 21.Rd1 e5 22.Nc4 Qb8
23.Rd2 Bc5 24.b4 Bd4 25.Qa2 Kh8 26.b5 Nd8 27.Bxd4 exd4 28.Rxd4 Ne6 29.Rd1 Rd8
30.Rxd8+ Qxd8 31.Qd2 Qxd2 32.Nxd2 Nd4 33.Bf1 Bc8 34.f3 Kg8 35.Kf2 Kf8 36.Bd3 Bd7
37.a4 Ke7 38.Ke3 Ne6 39.Nb3 Kd6 40.Bc2 Be8 41.Nd4 Bd7 42.Nxe6 Bxe6 43.Kd4 h6
44.f4 Ba2 45.Bd1 Be6 46.h4 Ba2 47.e5+ fxe5+ 48.fxe5+ Ke7 49.Kc3 Bd5 50.Bc2  1/2-1/2

[Event "TCh-SCG 2nd Liga"]
[Site "Sutomore SCG"]
[Date "2004.09.11"]
[Round "2"]
[White "Vulinovic,R"]
[Black "Milanovic,Sla"]
[Result "1-0"]
[WhiteElo "2208"]
[BlackElo "2324"]

1.Nf3 Nf6 2.g3 b6 3.Bg2 Bb7 4.O-O c5 5.c4 e6 6.Nc3 Be7 7.Re1 d6 8.e4 a6 9.d4 cxd4
10.Nxd4 Qc7 11.Be3 O-O 12.Rc1 Nbd7 13.f4 Rfe8 14.b3 Rac8 15.Bf2 g6 16.h3 Bf8
17.Nf3 Nc5 18.Nh2 Nh5 19.Bf3 Bg7 20.Qd2 Nf6 21.b4 Ncd7 22.Na4 e5 23.Ng4 exf4
24.Nxf6+ Bxf6 25.gxf4 Bc6 26.Nc3 Bxc3 27.Qxc3 Bb5 28.Qd4 Bxc4 29.Red1 b5
30.Qxd6 Nf8 31.Qxc7 Rxc7 32.Rd6 Rd7 33.Rxa6 Ne6 34.Be3 Rd3 35.Kf2 f5 36.e5 Nd4
37.Rd1 Rxd1 38.Bxd1  1-0

[Event "TCh-SCG Women"]
[Site "Budva SCG"]
[Date "2004.09.12"]
[Round "5"]
[White "Miloradovic,J"]
[Black "Tuvic,N"]
[Result "1/2-1/2"]
[WhiteElo "2158"]
[BlackElo "2049"]

1.Nf3 Nf6 2.c4 c5 3.g3 b6 4.Bg2 Bb7 5.O-O e6 6.Nc3 Be7 7.b3 O-O 8.Bb2 d5
9.cxd5 Nxd5 10.Rc1 Nd7 11.Qc2 Rc8 12.Qb1 a6 13.Rfd1 b5 14.d4 Qb6 15.dxc5 Nxc5
16.Nxd5 Bxd5 17.Bd4 Qb7 18.Qb2 f6 19.Ne1 Bxg2 20.Nxg2 e5 21.Be3 Rc7 22.Nh4 Qc8
23.b4 Ne4 24.Nf5 Bd8 25.Nd6 Nxd6 26.Rxd6 Rxc1+ 27.Qxc1 Qxc1+ 28.Bxc1 Be7
29.Rxa6 Bxb4 30.Rb6 Rc8 31.Be3 Bc5 32.Bxc5 Rxc5 33.Kg2 Rc2 34.Rxb5 Rxa2  1/2-1/2

[Event "TCh-SCG 2nd Liga"]
[Site "Sutomore SCG"]
[Date "2004.09.16"]
[Round "9"]
[White "Velikov,P"]
[Black "Todorovic,J"]
[Result "1/2-1/2"]
[WhiteElo "2435"]
[BlackElo "2415"]

1.c4 Nf6 2.Nf3 c5 3.g3 b6 4.Bg2 Bb7 5.O-O e6 6.Nc3 Be7 7.b3 O-O 8.Bb2 a6
9.d4 cxd4 10.Qxd4 d6 11.e4 Nbd7 12.Qe3 Qc7 13.Nd4 Rfe8 14.Rac1 Rac8 15.h3 Qb8
16.Rfe1 Bf8 17.Kh2 Ne5 18.Qe2 h5 19.f4 Ng6 20.Qf2 h4 21.f5  1/2-1/2

[Event "TCh-SCG Women"]
[Site "Budva SCG"]
[Date "2004.09.19"]
[Round "11"]
[White "Miloradovic,J"]
[Black "Kezele,T"]
[Result "1/2-1/2"]
[WhiteElo "2158"]
[BlackElo "2005"]

1.Nf3 Nf6 2.c4 c5 3.g3 b6 4.Bg2 Bb7 5.O-O e6 6.Nc3 g6 7.d4 cxd4 8.Nxd4 Bxg2
9.Kxg2 a6 10.e4 Qc7 11.Qf3 Qe5 12.Nde2 Nc6 13.Rd1 Be7 14.Be3 Bc5 15.Rd2 O-O
16.Rad1 Bxe3 17.Qxe3 Qc5 18.Qxc5 bxc5 19.f4 Ng4 20.Rc1 Ne3+ 21.Kf3 Nxc4 22.Rdd1 Nxb2
23.Rxd7 Rfd8 24.Rb7 Nb4 25.a3 N4d3 26.Rb1 Nc4 27.Ra1 Rab8 28.Ra7  1/2-1/2

[Event "TCh-SCG Men"]
[Site "Budva SCG"]
[Date "2004.09.19"]
[Round "11"]
[White "Drasko,M"]
[Black "Zivanic,M"]
[Result "1/2-1/2"]
[WhiteElo "2471"]
[BlackElo "2435"]

1.Nf3 c5 2.c4 b6 3.g3 Bb7 4.Bg2 Nf6 5.O-O e6 6.Nc3 d6 7.d4 cxd4 8.Qxd4 Be7
9.Bg5 a6 10.Bxf6 Bxf6 11.Qf4 O-O 12.Rfd1 Be7 13.Ne4 Bxe4 14.Qxe4 Ra7 15.Nd4 Rd7
16.Qd3 Qc7 17.e3 Rc8 18.b3 Bf6 19.Rab1 Qc5 20.Rd2 Qb4 21.Rbd1 Qc5 22.h4 g6
23.Bf3 Rcd8 24.Kg2 Rc7 25.Qe4 Re7 26.Nc6 Nxc6 27.Qxc6 Qxc6 28.Bxc6 Rc7 29.Rxd6 Rxd6
30.Rxd6 Be7 31.Rd7 Rxd7 32.Bxd7 Bb4 33.g4 Kg7 34.Kf3 Be7 35.Kg3 Bb4 36.Kf4 Be1
37.Kf3 Bb4 38.Kg3 Be1 39.a3 a5 40.Kf3 Bc3 41.Ke4 Kf6 42.f4 Ke7 43.Bc6 Bb2
44.a4  1/2-1/2

[Event "Open"]
[Site "Bucharest ROM"]
[Date "2004.09.23"]
[Round "3"]
[White "Musat,A"]
[Black "Madan,A"]
[Result "1/2-1/2"]
[WhiteElo "2381"]
[BlackElo "2218"]

1.Nf3 Nf6 2.c4 e6 3.g3 b6 4.Bg2 Bb7 5.O-O c5 6.Nc3 Be7 7.d4 cxd4 8.Qxd4 Nc6
9.Qf4 d6 10.Rd1 a6 11.b3 Qc7 12.Ba3 Ne5 13.Nxe5 dxe5 14.Qc1 Bxg2 15.Kxg2 O-O
16.Bxe7 Qxe7 17.Qe3 Qc7 18.f3 Rfd8 19.Rxd8+ Rxd8 20.Rd1 Rxd1 21.Nxd1 Nd7
22.Qe4 Qc8 23.Nf2 f5 24.Qd3 Qc7 25.Qe3 Qd6 26.Qd3 Qc7 27.b4 a5 28.bxa5 bxa5
29.Qb3 Kf7 30.Qb5 Nc5 31.Nd3 Nxd3 32.exd3 h5 33.Kf2 g5 34.Ke3 h4 35.c5 hxg3
36.hxg3 Ke7 37.a4 e4 38.dxe4 Qxg3 39.exf5 Qe1+  1/2-1/2

[Event "VIII Itau Cup"]
[Site "Sao Paulo BRA"]
[Date "2004.09.27"]
[Round "4"]
[White "Braga,C"]
[Black "Lebredo,G"]
[Result "1/2-1/2"]
[WhiteElo "2441"]
[BlackElo "2285"]

1.Nf3 Nf6 2.c4 e6 3.g3 b6 4.Bg2 Bb7 5.O-O c5 6.b3 Be7 7.Bb2 O-O 8.Nc3 d5
9.e3 Na6 10.Qe2 dxc4 11.bxc4 Ne4 12.Ne5 Nxc3 13.Bxc3 Bxg2 14.Kxg2 Bf6 15.f4 Bxe5
16.Bxe5 Qd7 17.Bc3 Rad8 18.a4 Nb4 19.a5 Qd3 20.Qxd3 Rxd3 21.axb6 axb6 22.Ra7 Nc2
23.Rc1 Nb4 24.Kf3 h6 25.Ke2 Rfd8 26.Rb7 Na2 27.Rc2 Nxc3+ 28.dxc3 R3d6 29.Ra2 R8d7
30.Ra8+ Kh7 31.Rxd7 Rxd7 32.Rb8 Rd6 33.e4 e5 34.fxe5 Re6 35.Kf3 g5 36.h4 Kg7
37.hxg5 hxg5 38.Rb7 Kg6 39.Kg4 Rxe5 40.Rxb6+ Re6 41.Rxe6+ fxe6 42.e5 Kh6
43.Kh3 Kh5 44.g4+ Kg6 45.Kg3 Kf7 46.Kf3 Ke7 47.Ke2 Kd7 48.Kd3  1/2-1/2

[Event "79th ch-ARG"]
[Site "Buenos Aires ARG"]
[Date "2004.09.28"]
[Round "6"]
[White "Giardelli,S"]
[Black "Real de Azua,E"]
[Result "1/2-1/2"]
[WhiteElo "2434"]
[BlackElo "2351"]

1.c4 Nf6 2.Nf3 c5 3.g3 b6 4.Bg2 Bb7 5.O-O e6 6.Nc3 Be7 7.Re1 a6 8.e4 d6 9.d4 cxd4
10.Nxd4 Qc7 11.Be3 O-O 12.Rc1 Re8 13.g4 Bf8 14.h3 Nfd7 15.b3 Nc6 16.Nde2 Rac8
17.Ng3 Qb8 18.f4 Ba8 19.Qe2 g6 20.Kh1 Red8 21.Rf1 Bg7 22.e5 dxe5 23.f5 Nd4
24.Qf2 Bxg2+ 25.Kxg2 Qb7+ 26.Kh2 Nc5 27.Rcd1 b5 28.Bg5 Rd7 29.f6 Bf8 30.Qe3 Nc2
31.Qc1 Rxd1 32.Nxd1 Nd4 33.Qe3 bxc4 34.bxc4 Qb1 35.Nc3 Qc2+ 36.Kh1 Qd3 37.Rb1 Qxc4
38.Bh6 Bd6 39.Rb6 Bc7 40.Rb1 Ba5 41.Rc1 Nd3 42.Bf8 Nf4 43.Qxe5 Bxc3 44.Qxf4 Kxf8
45.Ne4 Qd5 46.Rxc3 Rd8 47.Rc5 Qb7 48.Kh2 Qb2+ 49.Kh1 Qb7 50.Rc7 Qb1+ 51.Kh2 Qb2+
52.Nf2 Kg8 53.Kg2 Ne2 54.Qc4 h6 55.Rxf7 Kxf7 56.Qc7+ Kxf6 57.Qxd8+ Kf7 58.Qd7+ Kf8
59.Qd6+ Kf7 60.Qd7+ Kf8 61.Qd8+ Kf7 62.Qc7+ Kf8 63.Qd8+ Kf7  1/2-1/2

[Event "TCh-Vojvodina"]
[Site "Sombor SCG"]
[Date "2004.09.29"]
[Round "7"]
[White "Bogosavljevic,B"]
[Black "Stojanovic,Zo"]
[Result "1-0"]
[WhiteElo "2227"]
[BlackElo "2341"]

1.Nf3 Nf6 2.c4 e6 3.g3 b6 4.Bg2 Bb7 5.O-O c5 6.Nc3 Be7 7.Re1 d5 8.cxd5 Nxd5
9.e4 Nxc3 10.bxc3 O-O 11.d4 Nd7 12.Bf4 cxd4 13.cxd4 Nf6 14.Ne5 Rc8 15.Qa4 a6
16.Rad1 b5 17.Qb3 Qb6 18.d5 exd5 19.exd5 Bc5 20.Be3 Bxe3 21.Rxe3 Qd6 22.Nc6 Rfe8
23.Rde1 Rxe3 24.Qxe3 Bxc6 25.dxc6 g6 26.Qb6 Qd2 27.Rf1 Qxa2 28.Bh3 Nd5 29.Qb7 Rc7
30.Bg2 Qb2 31.Qb8+ Kg7 32.Bxd5 Qe5 33.Bf3 a5 34.Rd1 b4 35.Kg2 Qe7 36.Rd8 a4
37.Re8 Qd6 38.Rc8 b3 39.Rxc7 Kh6 40.Rb7  1-0

[Event "XI Bela Papp Mem"]
[Site "Torokbalint HUN"]
[Date "2004.10.17"]
[Round "2"]
[White "Paschall,W"]
[Black "Izsak,Gyu"]
[Result "1-0"]
[WhiteElo "2394"]
[BlackElo "2475"]

1.Nf3 c5 2.c4 b6 3.g3 Bb7 4.Bg2 Nf6 5.O-O e6 6.Nc3 Be7 7.Re1 d6 8.e4 a6 9.d4 cxd4
10.Nxd4 Qc7 11.Be3 O-O 12.f4 Nc6 13.Rc1 Nxd4 14.Bxd4 Nd7 15.Qe2 Rac8 16.b3 Rfd8
17.g4 Qb8 18.g5 Bc6 19.Qh5 e5 20.fxe5 dxe5 21.Be3 Bc5 22.Kh1 b5 23.Bxc5 Nxc5
24.Rf1 Qa7 25.Nd5 Bxd5 26.exd5 Nd3 27.Rc2 bxc4 28.bxc4 Nf4 29.Qd1 Nxg2 30.Kxg2 Qe3
31.Qg4 g6 32.Re2 Qc3 33.Re4 Rc7 34.Rf3 Qa1 35.Rf2 Rb7 36.Qf3 Rdd7 37.Qe3 Rbc7
38.Rxe5 h5 39.c5 Qd1 40.d6 Rc6 41.h3  1-0

[Event "8th OIBM"]
[Site "Bad Wiessee GER"]
[Date "2004.10.30"]
[Round "2"]
[White "Miroshnichenko,E"]
[Black "Seidl,J"]
[Result "1-0"]
[WhiteElo "2617"]
[BlackElo "2181"]

1.Nf3 Nf6 2.c4 e6 3.g3 b6 4.Bg2 Bb7 5.O-O c5 6.Nc3 Be7 7.Re1 O-O 8.e4 d6
9.d4 cxd4 10.Nxd4 Qc7 11.Ndb5 Qc6 12.Bf4 Rd8 13.Rc1 a6 14.Nd4 Qc7 15.Be3 Nbd7
16.f4 Bf8 17.g4 Nc5 18.Bf2 e5 19.Nf5 exf4 20.Bd4 Nfd7 21.b4 Ne6 22.Nd5 Qb8
23.Ba1 b5 24.Rf1 bxc4 25.Rxc4 Ne5 26.Rc2 Qa7+ 27.Kh1 Rab8 28.g5 Bxd5 29.exd5 Nxg5
30.Rxf4 f6 31.h4 Ngf7 32.Bf1 Rdc8 33.Rg2 Rc7 34.a3 Rbc8 35.Bb2 Kh8 36.Qa4 a5
37.bxa5 Qa8 38.Ne3 Qa7 39.Bd4 Qa8 40.a6 Rc1 41.Kh2 Ng6 42.Rff2 Nxh4 43.Rg3 Re8
44.Rxf6 Ne5 45.Rf2 Be7 46.Bxe5 dxe5 47.Bd3 Rf8 48.Rb2 Rf4 49.Be4 Ng6 50.a7 Bd6
51.Rxg6 hxg6 52.Rb8+ Bxb8 53.Qe8+ Kh7 54.axb8=Q Qxb8 55.Bxg6+  1-0

[Event "19th Open"]
[Site "Le Touquet FRA"]
[Date "2004.10.30"]
[Round "8"]
[White "Laurent,J"]
[Black "Ikonnikov,Vy"]
[Result "0-1"]
[WhiteElo "2243"]
[BlackElo "2559"]

1.Nf3 Nf6 2.c4 e6 3.g3 b6 4.Bg2 Bb7 5.O-O c5 6.Nc3 d6 7.b3 Be7 8.d4 O-O 9.dxc5 bxc5
10.Bb2 Nbd7 11.Qc2 Qc7 12.Rfd1 a6 13.Ng5 Bxg2 14.Kxg2 h6 15.Nge4 Ne8 16.f3 Ne5
17.Nf2 Nc6 18.e3 f5 19.Ne2 Bf6 20.Nf4 Bxb2 21.Qxb2 Qf7 22.h4 Rd8 23.Rd2 Nf6
24.Rad1 e5 25.Nd5 Nh5 26.Kh2 f4 27.exf4 Nd4 28.Rxd4 cxd4 29.Nh3 Rde8 30.b4 Nf6
31.Nxf6+ Qxf6 32.b5 exf4 33.gxf4 Qxh4 34.Rxd4 Rf5 35.Qg2 Rh5 36.Rd2 Qxf4+  0-1

[Event "World Seniors"]
[Site "Halle GER"]
[Date "2004.11.03"]
[Round "9"]
[White "Lieb,H"]
[Black "Hohler,P"]
[Result "1-0"]
[WhiteElo "2286"]
[BlackElo "2248"]

1.Nf3 Nf6 2.g3 b6 3.Bg2 Bb7 4.O-O c5 5.c4 e6 6.b3 Be7 7.Bb2 O-O 8.Nc3 d5
9.cxd5 Nxd5 10.Nxd5 Bxd5 11.Qc2 Bf6 12.Bxf6 Qxf6 13.Rfd1 Nd7 14.e4 Bb7 15.d4 cxd4
16.Nxd4 Rac8 17.Qe2 Qe7 18.Qe3 a6 19.Rd2 Rc7 20.Rad1 Rfc8 21.Ne2 h6 22.Rd6 Bc6
23.e5 Nc5 24.Qd4 a5 25.b4 axb4 26.Qxb4 Bxg2 27.Kxg2 Rc6 28.Rd7 Qxd7 29.Rxd7 Nxd7
30.Nd4 Rc5 31.f4 Ra8 32.a3 Rac8 33.Kh3 Kh7 34.Nb5 Kg8 35.Nd6 R8c7 36.Nb5 Rc8
37.Qa4 g5 38.Nd6 Rf8 39.Qa7 Nb8 40.Qxb6 Nd7 41.Qa7 Rd8 42.a4 gxf4 43.gxf4 Rc3+
44.Kg4 Kg7 45.Qa5 f5+ 46.Kh4 Nf8 47.Qxd8  1-0

[Event "Stek Cup"]
[Site "Tula RUS"]
[Date "2004.11.17"]
[Round "2"]
[White "Shestakov,Se"]
[Black "Zaitsev,A2"]
[Result "1/2-1/2"]
[WhiteElo "2342"]
[BlackElo "2329"]

1.Nf3 Nf6 2.c4 c5 3.g3 b6 4.Bg2 Bb7 5.O-O e6 6.Nc3 Be7 7.b3 O-O 8.Bb2 Nc6
9.d4 Nxd4 10.Nxd4 Bxg2 11.Kxg2 cxd4 12.Qxd4 Qc7 13.Rfd1 Rfd8 14.Qf4 d6 15.Qf3 a6
16.Rd2 Rab8 17.a4 Nd7 18.Rad1  1/2-1/2

[Event "Acropolis GM"]
[Site "Athens GRE"]
[Date "2004.11.23"]
[Round "8"]
[White "Mastrovasilis,A"]
[Black "Vouldis,A"]
[Result "1/2-1/2"]
[WhiteElo "2502"]
[BlackElo "2524"]

1.Nf3 Nf6 2.g3 b6 3.Bg2 Bb7 4.c4 c5 5.O-O e6 6.b3 Be7 7.Bb2 O-O 8.Nc3 d6
9.e3 Nbd7 10.Qe2 a6 11.Rfd1 Rc8 12.Rac1 Re8 13.d4  1/2-1/2

[Event "It"]
[Site "Piestany SVK"]
[Date "2004.11.23"]
[Round "8"]
[White "Mrva,Mart"]
[Black "Smolen,J"]
[Result "1-0"]
[WhiteElo "2507"]
[BlackElo "2334"]

1.Nf3 Nf6 2.c4 b6 3.g3 c5 4.Bg2 Bb7 5.O-O e6 6.Nc3 Be7 7.Re1 d6 8.e4 e5 9.d4 cxd4
10.Nxd4 exd4 11.e5 Bxg2 12.exf6 gxf6 13.Nb5 Bb7 14.Qxd4 O-O 15.Bh6 Kh8 16.Rxe7 Qxe7
17.Bxf8 Qxf8 18.Qxf6+ Qg7 19.Qd8+ Qg8 20.Qe7 Bc6 21.Nxd6 h6 22.Nxf7+ Kh7
23.Ng5+ Kh8 24.Rd1 hxg5 25.Rd8 Nd7 26.Rxg8+ Rxg8 27.Qd6 Rc8 28.Qh6+ Kg8 29.Qe6+ Kg7
30.b4 a6 31.a4 Bxa4 32.b5  1-0

[Event "Petrosian Mem Open"]
[Site "Yerevan ARM"]
[Date "2004.11.23"]
[Round "5"]
[White "Vardanian,Hak"]
[Black "Petrosian,DG"]
[Result "1/2-1/2"]
[WhiteElo "2304"]
[BlackElo "2395"]

1.c4 Nf6 2.Nf3 c5 3.g3 b6 4.Bg2 Bb7 5.O-O e6 6.Nc3 Be7 7.d4 cxd4 8.Nxd4 Bxg2
9.Kxg2 Qc8 10.Qd3 Nc6 11.b3 O-O 12.Nxc6 Qxc6+ 13.Qf3 Rac8 14.Bb2 a6 15.Rfd1 Rfd8
16.Rac1 d6 17.Rd2 Qxf3+ 18.Kxf3 Rb8 19.Ne4 Nxe4 20.Kxe4 Rdc8 21.Kd3 Rc6 22.e4 Rbc8  1/2-1/2

[Event "Petrosian Mem Open"]
[Site "Yerevan ARM"]
[Date "2004.11.25"]
[Round "7"]
[White "Harutjunyan,G"]
[Black "Sargissian,G"]
[Result "1/2-1/2"]
[WhiteElo "2366"]
[BlackElo "2611"]

1.Nf3 Nf6 2.g3 b6 3.Bg2 Bb7 4.c4 c5 5.O-O e6 6.Nc3 d6 7.d4 cxd4 8.Qxd4 a6
9.Rd1 Nbd7 10.b3 Qc7 11.Bb2 Be7 12.Rac1 O-O 13.h3 Rac8 14.e4 Rfe8 15.Qe3 Qb8
16.Nd4 Bf8 17.Re1 Qa8 18.Rcd1 Nc5 19.Kh2 Ncd7 20.Rd2 Qb8 21.Kh1 Ba8 22.g4 g6
23.f4 e5 24.Nf3 Nc5 25.Nd5 Nfxe4 26.b4 Nxd2 27.Nf6+ Kg7 28.fxe5 Nxc4 29.Nxe8+ Rxe8
30.exd6+ Nxb2 31.Qxe8 Qxe8 32.Rxe8 Bc6 33.Rc8 Bb7 34.Rd8 Ne6 35.Rb8 Bxf3
36.Bxf3 Bxd6 37.Rxb6 Bf8 38.a3 Nc4 39.Rxa6 Nxa3 40.Rxa3 Bxb4 41.Ra7 Nf4  1/2-1/2

[Event "Open"]
[Site "Banja Luka BIH"]
[Date "2004.12.04"]
[Round "1"]
[White "Vukic,M"]
[Black "Marusic,N"]
[Result "1-0"]
[WhiteElo "2474"]
[BlackElo "1986"]

1.Nf3 c5 2.c4 Nf6 3.g3 b6 4.Bg2 Bb7 5.O-O e6 6.Nc3 a6 7.b3 Be7 8.Bb2 d6 9.d4 cxd4
10.Nxd4 Bxg2 11.Kxg2 Qc7 12.e3 Nbd7 13.f4 O-O 14.Qf3 Rac8 15.Rad1 g6 16.g4 e5
17.Nde2 Nc5 18.g5 e4 19.Qh3 Nh5 20.Nd5 Qd8 21.Ng3 Ng7 22.Bf6 Re8 23.Bxe7 Rxe7
24.Qxc8  1-0

[Event "Open A"]
[Site "Krakow POL"]
[Date "2004.12.27"]
[Round "1"]
[White "Kalinin,O"]
[Black "Gregulski,Z"]
[Result "1-0"]
[WhiteElo "2339"]
[BlackElo "2127"]

1.c4 Nf6 2.Nf3 e6 3.g3 b6 4.Bg2 Bb7 5.O-O c5 6.Nc3 Be7 7.Re1 Ne4 8.Nxe4 Bxe4
9.d3 Bb7 10.e4 O-O 11.d4 cxd4 12.Nxd4 d6 13.b3 Nd7 14.Ba3 Nc5 15.Qe2 a6 16.Rad1 Qc7
17.f4 Rad8 18.h4 Kh8 19.Kh2 Qb8 20.f5 e5 21.Nc2 Qa8 22.Nb4 Rd7 23.Nd5 Qd8
24.Bh3 f6 25.Qe3 Bc6 26.Bg2 Qb8 27.Rd2 Rfd8 28.g4 Rg8 29.Red1 Bxd5 30.Rxd5 Rdd8
31.Bf1 Qc7 32.Be2 a5 33.Bf3 Qb7 34.Qd2 Qc7 35.Bc1 Na6 36.Qf2 Nc5 37.Be3 Rge8
38.Qg2 Rg8 39.R1d2 Qc6 40.Qe2 Qc7 41.Qd1 Qc6 42.g5 Rb8 43.Rg2 Rbd8 44.Bh5 Rdf8
45.Bg6  1-0

[Event "Open A"]
[Site "Bethune FRA"]
[Date "2004.12.30"]
[Round "7"]
[White "Le Quang,K"]
[Black "Martsynovskaya,M"]
[Result "1-0"]
[WhiteElo "2276"]
[BlackElo "2182"]

1.c4 Nf6 2.g3 e6 3.Nf3 b6 4.Bg2 Bb7 5.O-O c5 6.b3 Be7 7.Bb2 O-O 8.e3 d6 9.Qe2 Nbd7
10.Rd1 Qc7 11.Nc3 d5 12.cxd5 Nxd5 13.Nxd5 Bxd5 14.e4 Bb7 15.d4 cxd4 16.Rac1 Qb8
17.Nxd4 Rd8 18.b4 Nf6 19.b5 e5 20.Nf5 Rxd1+ 21.Rxd1 Bc5 22.Kh1 g6 23.Nh6+ Kg7
24.f4 Bd4 25.Bxd4 exd4 26.e5 Nd5 27.Rxd4 Nc3 28.Qd3 Bxg2+ 29.Kxg2 Qb7+ 30.Kg1 Kxh6
31.Qxc3 Rc8 32.Qd2 Qc7 33.f5+ Kg7 34.f6+ Kg8 35.Rd7 Qc5+ 36.Kg2 Re8 37.e6 Rxe6
38.Rd8+ Qf8 39.Qh6  1-0

[Event "Club Championship"]
[Site "Sao Paulo BRA"]
[Date "2005.01.24"]
[Round "4"]
[White "Marra,E"]
[Black "Maia,L"]
[Result "1/2-1/2"]
[WhiteElo "2261"]
[BlackElo "2287"]

1.Nf3 Nf6 2.c4 b6 3.g3 c5 4.Bg2 Bb7 5.O-O e6 6.Nc3 Be7 7.d4 cxd4 8.Qxd4 d6
9.Rd1 a6 10.b3 Nbd7 11.Bb2 O-O 12.Rac1 Rc8 13.Ne1 Qc7 14.e4 Rfd8 15.Qd2 Qb8
16.Nc2 Qa8 17.Qe2 Nc5 18.f3 b5 19.b4 Ncd7 20.cxb5 axb5 21.a3 Ne5 22.Ne3 Nc4  1/2-1/2

[Event "13th Fajr Open"]
[Site "Tehran IRI"]
[Date "2005.01.28"]
[Round "2"]
[White "Ibrahimov,R"]
[Black "Daneshpour,SH"]
[Result "1-0"]
[WhiteElo "2501"]
[BlackElo "2167"]

1.Nf3 e6 2.g3 Nf6 3.Bg2 b6 4.O-O Bb7 5.c4 c5 6.Nc3 Be7 7.d4 O-O 8.d5 exd5
9.cxd5 d6 10.e4 Re8 11.e5 dxe5 12.Nxe5 Bd6 13.Nc4 Bf8 14.Bf4 Na6 15.Qb3 Nh5
16.Be3 Qd7 17.Rad1 Rad8 18.Bg5 Ra8 19.Ne4 h6 20.Bc1 Rad8 21.Qf3 f5 22.Nxc5 Bxc5
23.Qxh5 Qf7 24.Qxf7+ Kxf7 25.a3 Nb8 26.Ne3 g6 27.b4 Bf8 28.Bb2 a5 29.bxa5 bxa5
30.Rc1 Rc8 31.Rfd1 Rxc1 32.Rxc1 Rc8 33.Rxc8 Bxc8 34.Nc4 Nd7 35.Nxa5 Ba6 36.Nc6 Bd6
37.a4 Bc4 38.a5 g5 39.Bc3 Ke8 40.Bb4 Bc7 41.d6 Bd8 42.Nxd8 Kxd8 43.Bf1 Bd5
44.a6 Ne5  1-0

[Event "13th Fajr Open"]
[Site "Tehran IRI"]
[Date "2005.02.01"]
[Round "9"]
[White "Abbasov,F"]
[Black "Khaghani,M"]
[Result "1-0"]
[WhiteElo "2465"]
[BlackElo "2289"]

1.Nf3 c5 2.g3 b6 3.Bg2 Bb7 4.O-O Nf6 5.c4 e6 6.Nc3 Be7 7.Re1 a6 8.e4 d6 9.d4 cxd4
10.Qxd4 O-O 11.b3 Qc7 12.Ba3 Nbd7 13.Rad1 Nc5 14.e5 dxe5 15.Qxe5 Rac8 16.Qxc7 Rxc7
17.Bb2 Rd8 18.Rxd8+ Bxd8 19.Ne5 Bxg2 20.Kxg2 Be7 21.Rd1 Ne8 22.f4 f6 23.Nf3 Kf7
24.Kf2 h6 25.Ke2 g5 26.Nd4 Nd6 27.Ke3 Rc8 28.Kf3 f5 29.Nde2 g4+ 30.Ke3 h5
31.Nc1 Rc7 32.Nd3 Nce4 33.Ne5+ Ke8 34.Ne2 h4 35.Nd4 hxg3 36.Nxe6 Rb7 37.hxg3 Nxg3
38.Rg1 Bh4 39.Ng6 Nh5 40.Rh1 Bf6 41.Bxf6 Nxf6 42.Ne5 Ke7 43.Nd4 Rc7 44.Rh8 b5
45.Ndc6+ Ke6 46.c5 Nf7 47.Nd4+ Kd5 48.Rf8 Nxe5 49.Rxf6 Rxc5 50.Nxf5 Rc3+
51.Kd2 Rf3 52.Ne7+ Ke4 53.fxe5 g3 54.Rxf3  1-0

[Event "10th HIT Open A"]
[Site "Nova Gorica SLO"]
[Date "2005.02.02"]
[Round "8"]
[White "Olarasu,G"]
[Black "Pavlovic,Mi"]
[Result "0-1"]
[WhiteElo "2327"]
[BlackElo "2485"]

1.Nf3 Nf6 2.c4 b6 3.g3 Bb7 4.Bg2 c5 5.O-O e6 6.Nc3 Be7 7.Re1 d6 8.e4 a6 9.d4 cxd4
10.Nxd4 Qc7 11.Qe2 O-O 12.Bd2 Nbd7 13.Rac1 Rac8 14.b3 Rfe8 15.h3 Bf8 16.Be3 Qb8
17.Nf3 Nxe4 18.Nxe4 Bxe4 19.Ne5 dxe5 20.Bxe4 f5 21.Red1 Nc5 22.Bc2 a5 23.Bd2 e4
24.Bc3 Qc7 25.a3 Nd7 26.b4 axb4 27.axb4 Ne5 28.Bxe5 Qxe5 29.Ba4 Red8 30.Bd7 Rb8
31.Rb1 Kh8 32.Qe3 h6 33.Qf4 Qf6 34.Qc7 e3 35.fxe3 Qc3 36.Qf4 Bxb4 37.Bxe6 Bc5
38.Rxd8+ Rxd8 39.Kh1 Bxe3 40.Qxf5 Bc1 41.Qf1 Ba3 42.Qg2 Re8 43.Bf7 Rf8 44.Rf1 Bd6
45.Rf3 Qa1+ 46.Rf1 Qe5 47.Kh2 h5 48.h4 Qe7 49.Qf3 Rxf7  0-1

[Event "Mayor de Chile"]
[Site "Santiago CHI"]
[Date "2005.02.17"]
[Round "4"]
[White "Guerb,L"]
[Black "Sepulveda,Jor"]
[Result "1-0"]
[WhiteElo "2301"]
[BlackElo "2270"]

1.Nf3 Nf6 2.c4 e6 3.g3 b6 4.Bg2 Bb7 5.O-O c5 6.d4 cxd4 7.Qxd4 Nc6 8.Qf4 d5
9.cxd5 Nxd5 10.Qa4 a6 11.Bg5 Be7 12.Bxe7 Qxe7 13.Rc1 O-O 14.Nc3 Na5 15.Nxd5 Bxd5
16.Rc3 Qb7 17.Rac1 Nc4 18.e4 b5 19.Qb4 a5 20.Qc5 Rac8 21.Qd4 Bxe4 22.Re1 f5
23.Nh4 Bxg2 24.Nxg2 e5 25.Qd1 Nxb2 26.Qb3+ Nc4 27.Rxe5 a4 28.Qxb5 Nxe5 29.Qxb7 Rxc3
30.Qd5+ Nf7 31.Nf4 g6 32.Qd4 Rc1+ 33.Kg2 Rd8 34.Qf6 Re1 35.Ne6 Rxe6 36.Qxe6 Ra8
37.h4 Kg7 38.h5 Ra7 39.h6+ Nxh6 40.Qe5+ Kf7 41.Qe3 Re7 42.Qxh6 Kg8 43.g4 Rf7
44.Qf4 fxg4 45.Qxg4 h5 46.Qxa4 Rf5 47.Qc4+ Kg7 48.a4 Kh6 49.Qb5 Rf4 50.a5 h4
51.a6 h3+ 52.Kxh3 Rxf2 53.a7 Ra2 54.Qb3 Ra5 55.Qf3 g5 56.a8=Q g4+ 57.Kxg4 Rg5+
58.Kh4 Rg8 59.Qf6+  1-0

[Event "3rd Breizh Masters"]
[Site "Guingamp FRA"]
[Date "2005.02.23"]
[Round "6"]
[White "Foisor,C"]
[Black "Gervasio,R"]
[Result "1/2-1/2"]
[WhiteElo "2411"]
[BlackElo "2269"]

1.Nf3 Nf6 2.g3 b6 3.Bg2 Bb7 4.c4 c5 5.O-O e6 6.Nc3 Be7 7.b3 O-O 8.Bb2 a6
9.e3 d6 10.Qe2 Nbd7 11.Rfd1 Rc8 12.d4 Ne4 13.Nxe4 Bxe4 14.d5 exd5 15.cxd5 b5
16.a4 Qb6 17.Nh4 Bg6 18.Bh3 Rc7 19.Nxg6 hxg6 20.Bxd7 Rxd7 21.h4 Rb7 22.Rab1 bxa4
23.bxa4 Qb3 24.Ba1 Rb4 25.Kg2 Rxa4 26.Rb2 Qc4 27.Qxc4 Rxc4 28.Rb7 Re8 29.Ra7 Ra4
30.Rb1 Bf8 31.Bc3 Ra3 32.Be1 f5 33.Kf3 Rc8 34.Rb6 a5 35.Rxa5 Rxa5 36.Bxa5 Ra8
37.Rb5 Ra7 38.Ke2 Kf7 39.Kd3 Be7 40.Bc3 Bf6 41.Ra5 Rxa5 42.Bxa5 g5 43.hxg5 Bxg5
44.f4 Bf6 45.e4 g6 46.Bc7 fxe4+ 47.Kxe4 Ke7 48.g4 Bc3 49.Kd3 Be1 50.Bb6 Bg3
51.Ke4 Bh4 52.Ba5 Bf6 53.Be1 Bb2 54.Bf2 Bc1 55.Bg3 Bb2 56.Bh4+ Kf7 57.f5 gxf5+
58.Kxf5 Be5 59.Bg5 Kg7 60.Be3 c4 61.Ke4 Kg6 62.Bc1 c3 63.Kd3 Kf6 64.Kc4 Kg6
65.Kb5 Bf6 66.Kc4 Bg5 67.Bxg5 Kxg5 68.Kxc3 Kxg4 69.Kc4 Kf5 70.Kd4 Kf4 71.Kd3 Ke5
72.Ke3 Kxd5 73.Kd3 Kc5 74.Kc3 d5 75.Kd3 d4 76.Kd2 Kc4 77.Kc2 d3+ 78.Kd2 Kd4
79.Kd1 Kc3 80.Kc1 d2+  1/2-1/2

[Event "Sozina Open"]
[Site "Bar SCG"]
[Date "2005.03.06"]
[Round "3"]
[White "Vukanovic,S"]
[Black "Abramovic,B"]
[Result "0-1"]
[WhiteElo "2358"]
[BlackElo "2478"]

1.Nf3 Nf6 2.c4 b6 3.g3 Bb7 4.Bg2 c5 5.O-O e6 6.Nc3 Be7 7.d4 cxd4 8.Nxd4 Bxg2
9.Kxg2 Qc8 10.e4 Qb7 11.f3 d6 12.Qa4+ Nbd7 13.Rd1 a6 14.Be3 O-O 15.Rac1 Rfc8
16.Nce2 Ne5 17.Qb3 Nfd7 18.a4 Rab8 19.Qa2 Nf6 20.Qb3 Rc7 21.Rc2 Rbc8 22.Rdc1 Nfd7
23.Rc3 g5 24.h3 h5 25.Qc2 Rxc4 26.b3 Rxc3 27.Nxc3 Bf6 28.g4 h4  0-1

[Event "Sozina Open"]
[Site "Bar SCG"]
[Date "2005.03.08"]
[Round "5"]
[White "Drasko,M"]
[Black "Lapcevic,M"]
[Result "0-1"]
[WhiteElo "2512"]
[BlackElo "2229"]

1.Nf3 c5 2.c4 Nf6 3.g3 b6 4.Bg2 Bb7 5.O-O e6 6.Nc3 a6 7.d4 cxd4 8.Qxd4 d6
9.Bg5 Be7 10.Bxf6 Bxf6 11.Qf4 Bxf3 12.Qxf3 Ra7 13.Rfd1 Rd7 14.Rac1 O-O 15.Qe3 b5
16.cxb5 d5 17.Qd3 Qa5 18.bxa6 Nxa6 19.b3 Rc7 20.Na4 Rfc8 21.Rxc7 Rxc7 22.e4 d4
23.a3 e5 24.Bf1 Nc5 25.Nxc5 Qxc5 26.b4 Qc3 27.b5 Be7 28.a4 Qxd3 29.Bxd3 Ra7
30.Ra1 Bd8 31.f4 f6 32.fxe5 fxe5 33.Bc4+ Kf8 34.Rf1+ Ke8 35.Bb3 g6 36.Kg2 Rd7
37.Bd5 Ra7 38.Rb1 Bb6 39.Rb4  0-1

[Event "Mediterranean Flower WGM"]
[Site "Rijeka CRO"]
[Date "2005.03.08"]
[Round "4"]
[White "Pahor,A"]
[Black "Franciskovic,B"]
[Result "1/2-1/2"]
[WhiteElo "2067"]
[BlackElo "2193"]

1.Nf3 Nf6 2.c4 c5 3.g3 b6 4.Bg2 Bb7 5.O-O e6 6.Nc3 Be7 7.d4 cxd4 8.Qxd4 Nc6
9.Qf4 O-O 10.Rd1 Qb8 11.Qd2 Rd8 12.e4 d6 13.Qe2 a6 14.Be3 Qc7 15.Rac1 Ne5
16.Nd2 Rac8 17.b3 Re8 18.h3 Bf8 19.a4 Ned7 20.f4 Qb8 21.g4 h6 22.h4 d5 23.e5 Nh7
24.cxd5 Ba3 25.dxe6 fxe6 26.Rc2 Bxg2 27.Qxg2 Bc5 28.Bxc5 Nxc5 29.Nce4 Nxe4
30.Nxe4 Rxc2 31.Qxc2 Rc8 32.Qd3 Nf8 33.Nd6 Rc5 34.Qxa6 Ng6 35.Nb7 Rd5 36.Rxd5 exd5
37.Qxb6 Kh7 38.a5 Qc8 39.f5 Qc1+ 40.Kf2 Qd2+ 41.Kf1 Qd1+ 42.Kf2 Nxe5 43.g5 Qd2+
44.Kf1 Qd1+ 45.Kf2 Qd2+ 46.Kf1 Qd1+ 47.Kf2  1/2-1/2

[Event "7th Foxwoods Open"]
[Site "Connecticut USA"]
[Date "2005.03.23"]
[Round "1"]
[White "Spigel,D"]
[Black "Goletiani,R"]
[Result "0-1"]
[WhiteElo "2023"]
[BlackElo "2319"]

1.Nf3 Nf6 2.c4 e6 3.g3 b6 4.Bg2 Bb7 5.O-O c5 6.Nc3 Be7 7.Re1 a6 8.e4 d6 9.b3 Nbd7
10.d4 cxd4 11.Nxd4 Qc7 12.Bb2 O-O 13.Rc1 Rac8 14.g4 g6 15.Re3 Qb8 16.h3 Rfe8
17.Nde2 Nf8 18.Ng3 N6d7 19.Rd3 Nc5 20.Rf3 Bg5 21.Rc2 Ba8 22.h4 Bxh4 23.Nd5 exd5
24.Qd4 Re5 25.exd5 Ncd7 26.Qf4 f6 27.Ne4 Bxd5 28.Re2 Bxe4 29.Rxe4 Bg5  0-1